| 000 -LEADER |
| fixed length control field |
nam a22 a 4500 |
| 003 - CONTROL NUMBER IDENTIFIER |
| control field |
AM-YeNLA |
| 005 - DATE AND TIME OF LATEST TRANSACTION |
| control field |
20260408161909.0 |
| 007 - PHYSICAL DESCRIPTION FIXED FIELD--GENERAL INFORMATION |
| fixed length control field |
ta |
| 008 - FIXED-LENGTH DATA ELEMENTS--GENERAL INFORMATION |
| fixed length control field |
260408s2025 ai c|||gr|||||000|0|arm|| |
| 020 ## - INTERNATIONAL STANDARD BOOK NUMBER |
| International Standard Book Number |
978-9939-1-2197-0 |
| 040 ## - CATALOGING SOURCE |
| Language of cataloging |
arm |
| Transcribing agency |
AM-YeNLA |
| 041 0# - LANGUAGE CODE |
| Language code of text/sound track or separate title |
arm |
| 041 1# - LANGUAGE CODE |
| Language code of text/sound track or separate title |
eng |
| Language code of original |
arm |
| 245 00 - TITLE STATEMENT |
| Title |
Վարպետը՝ ուղենիշ կազմակերպական մշակույթի և առաջնորդության համար ։ |
| Remainder of title |
[Ձեռնարկ] / |
| Statement of responsibility, etc. |
[Հեղինակներ՝ Ա. Շաքարյան, Ա. Համբարձումյան, Ա. Կոնջորյան և այլք ; Թարգմանիչ՝ Լ. Մկրտչյան ; Առաջաբանի հեղինակ՝ Ա. Ավետիսյան, Ա. Սեթաղյան ; Խմբագիր՝ Ա. Խաչյան ; Սրբագրիչ՝ Հ. Հովակիմյան] ; ՀՀ ԿԳՄՍ նախ. ; «Մշակույթը՝ գործոն» ՀԿ. |
| 260 ## - PUBLICATION, DISTRIBUTION, ETC. (IMPRINT) |
| Place of publication, distribution, etc. |
Երևան ։ |
| Name of publisher, distributor, etc. |
Ավետիք Իսահակյանի տուն-թանգարան, |
| Date of publication, distribution, etc. |
2025. |
| 300 ## - PHYSICAL DESCRIPTION |
| Extent |
115 էջ ։ |
| Other physical details |
դիմանկար ; |
| Dimensions |
20 սմ. |
| 500 ## - GENERAL NOTE |
| General note |
Կազմին՝ Ավետիք Իսահակյան 150։ |
| 500 ## - GENERAL NOTE |
| General note |
Կազմին՝ Ավետիք Իսահակյան. բիզնես և մասնագիտական աճ։ |
| 504 ## - BIBLIOGRAPHY, ETC. NOTE |
| Bibliography, etc |
Յուրաքանչյուր թեմայից հետո՝ գրական աղբյուրներ և տեսական հիմքեր ։ |
| 600 ## - SUBJECT ADDED ENTRY--PERSONAL NAME |
| Personal name |
Իսահակյան, Ավետիք, |
| Dates associated with a name |
1875-1957 |
| General subdivision |
Գրաքննադատություն |
| 650 14 - SUBJECT ADDED ENTRY--TOPICAL TERM |
| Topical term or geographic name as entry element |
Բիզնես կառավարում |
| Form subdivision |
Ձեռնարկներ |
| 650 14 - SUBJECT ADDED ENTRY--TOPICAL TERM |
| Topical term or geographic name as entry element |
Հայ գրականություն |
| General subdivision |
Գրաքննադատություն |
| Form subdivision |
Ձեռնարկներ |
| 650 14 - SUBJECT ADDED ENTRY--TOPICAL TERM |
| Topical term or geographic name as entry element |
Հայ հեղինակներ |
| 700 1# - ADDED ENTRY--PERSONAL NAME |
| Personal name |
Շաքարյան, Արտակ |
| Relator term |
հեղ. |
| Relator code |
aut |
| 700 1# - ADDED ENTRY--PERSONAL NAME |
| Personal name |
Համբարձումյան, Արևիկ |
| Relator term |
հեղ. |
| Relator code |
aut |
| 700 1# - ADDED ENTRY--PERSONAL NAME |
| Personal name |
Կոնջորյան, Աննա |
| Relator term |
հեղ. |
| Relator code |
aut |
| 700 1# - ADDED ENTRY--PERSONAL NAME |
| Personal name |
Մկրտչյան, Լիլիթ |
| Relator term |
թարգմանիչ |
| Relator code |
trl |
| 700 1# - ADDED ENTRY--PERSONAL NAME |
| Personal name |
Խաչյան, Աննա |
| Relator term |
խմբագիր |
| Relator code |
edt |
| 700 1# - ADDED ENTRY--PERSONAL NAME |
| Personal name |
Հովակիմյան, Հովհաննես |
| Relator term |
սրբագրիչ |
| Relator code |
crr |
| 700 1# - ADDED ENTRY--PERSONAL NAME |
| Personal name |
Ավետիսյան, Արմենուհի |
| Relator term |
առաջաբանի հեղինակ |
| Relator code |
aui |
| 700 1# - ADDED ENTRY--PERSONAL NAME |
| Personal name |
Սեթաղյան, Աննա |
| Relator term |
առաջաբանի հեղինակ |
| Relator code |
aui |
| 710 2# - ADDED ENTRY--CORPORATE NAME |
| Corporate name or jurisdiction name as entry element |
«Մշակույթը՝ գործոն» հասարակական կազմակերպություն |
| 942 ## - ADDED ENTRY ELEMENTS (KOHA) |
| Source of classification or shelving scheme |
|
| Koha item type |
Books |